| 000 | 00600nam a22001577a 4500 | ||
|---|---|---|---|
| 003 | OSt | ||
| 005 | 20151204113042.0 | ||
| 008 | 151204b xxu||||| |||| 00| 0 eng d | ||
| 040 | _cRUA | ||
| 082 | _aFIS MAM 2007 B179 Or.1 | ||
| 100 |
_94271 _aMAM SAMORN; ម៉ម សាម៉ន |
||
| 245 | _aSeed production of mud carp (cirrhinus molitorella) in aquaculture farm, ការផលិតពូជត្រីផ្កាគរ ក្នុងកសិដ្ឋានវារីវប្បកម្ម. | ||
| 260 |
_aPhnom Penh _bRUA _c2007 |
||
| 300 |
_ax; 31p. _bill. _c29cm. |
||
| 942 |
_2ddc _cFIS |
||
| 999 |
_c3986 _d3986 |
||